书目信息 |
| 题名: |
动物的精神生活
|
|
| 作者: | 渥雷本 著 ;湘雪, 译 | |
| 分册: | ||
| 出版信息: | 南京 译林出版社 2017 |
|
| 页数: | 239页 | |
| 开本: | 21cm | |
| 丛书名: | ||
| 单 册: | ||
| 中图分类: | B843.2 | |
| 科图分类: | ||
| 主题词: | 动物心理学--dong wu xin li xue--普及读物 | |
| 电子资源: | ||
| ISBN: | 978-7-5447-7071-2 | |
| 000 | 01466nam0 2200289 450 | |
| 001 | 012017000401 | |
| 005 | 20180111090504.10 | |
| 010 | @a978-7-5447-7071-2@dCNY 28.00 | |
| 100 | @a20171108d2017 em y0chiy0121 ea | |
| 101 | 1 | @achi@cger |
| 102 | @aCN@b320000 | |
| 105 | @ay a 000yy | |
| 200 | 1 | @a动物的精神生活@Adong wu de jing shen sheng huo@f(德) 彼得·渥雷本著@g湘雪译 |
| 210 | @a南京@c译林出版社@d2017 | |
| 215 | @a239页@d21cm | |
| 312 | @a德文题名原文取自版权页 | |
| 314 | @a彼得·渥雷本, 1964年出生于德国, 童年即立志成为自然资源的守护者。大学时选择攻读林业经济学, 毕业后二十余年, 一直在林业管理局做公务员。湘雪, 本名许洁, 1965年生于上海, 先后毕业于中央戏剧学院戏剧文学系、德国科隆大学戏剧电影电视学院, 后获中国科学院心理所心理学硕士学位。 | |
| 320 | @a有书目 | |
| 330 | @a本书作者根据自己护林生涯所积累的丰富经验, 完成了这本信息丰富且令人大开眼界的著作, 让读者从新的视角去感悟动物的情感世界。同时作者还以幽默风趣的口吻讲述了动物们生活中的小故事: 小母马布丽吉“做错了事露出马脚”时, 羞愧得扭头离去; 大公鸡佛理多林为了能得到传宗接代的机会, 机智地蒙骗母鸡太太; 乌鸦能够把屋脊当成滑道, 开心地享受着滑雪或冲浪一般的快乐。 | |
| 500 | 10 | @aSeelenleben der tiere@mChinese |
| 606 | 0 | @a动物心理学@Adong wu xin li xue@j普及读物 |
| 690 | @aB843.2@v5 | |
| 701 | 1 | @a渥雷本@Awo lei ben@g(Wohlleben, Peter),@f1964-@4著 |
| 702 | 0 | @a湘雪,@Axiang xue@f1965-@4译 |
| 801 | 0 | @aCN@b湖北三新@c20171124 |
| 905 | @aBZT@dB843.2@e4 | |
| 906 | @dCNY28.00@n5@r1 | |
| 动物的精神生活/(德) 彼得·渥雷本著/湘雪译.-南京:译林出版社,2017 |
| 239页;21cm |
| ISBN 978-7-5447-7071-2:CNY 28.00 |
| 本书作者根据自己护林生涯所积累的丰富经验, 完成了这本信息丰富且令人大开眼界的著作, 让读者从新的视角去感悟动物的情感世界。同时作者还以幽默风趣的口吻讲述了动物们生活中的小故事: 小母马布丽吉“做错了事露出马脚”时, 羞愧得扭头离去; 大公鸡佛理多林为了能得到传宗接代的机会, 机智地蒙骗母鸡太太; 乌鸦能够把屋脊当成滑道, 开心地享受着滑雪或冲浪一般的快乐。 |
| ● |
| 相关链接 |
|
|
|
正题名:动物的精神生活
索取号:B843.2/4
 
预约/预借
| 序号 | 登录号 | 条形码 | 馆藏地/架位号 | 状态 | 备注 |
| 1 | 845445 | 2000845445 | 第二书库/ [索取号:B843.2/4] | 在馆 | |
| 2 | 845446 | 2000845446 | 第二书库/ [索取号:B843.2/4] | 在馆 | |
| 3 | 845447 | 2000845447 | 第二书库/ [索取号:B843.2/4] | 在馆 | |
| 4 | 845448 | 2000845448 | 第二书库/ [索取号:B843.2/4] | 在馆 | |
| 5 | 845449 | 2000845449 | 第二书库/ [索取号:B843.2/4] | 在馆 | |
| 6 | 854592 | 2000854592 | 第二书库/ [索取号:B843.2/4] | 在馆 | |
| 7 | 854593 | 2000854593 | 第二书库/ [索取号:B843.2/4] | 在馆 | |
| 8 | 854594 | 2000854594 | 第二书库/ [索取号:B843.2/4] | 在馆 |